Les joueurs formés à Chelsea avec au moins un match depuis 2010 - Statistiques

Statistiques générales
  • Ce quiz a été pris 140 fois
    15 depuis la dernière actualisation
  • Le résultat moyen est 18 sur 55
Statistiques - réponses
Classement Saisons au club Joueur Nombre de matchs % Correct
1 1998-2017 John Terry 717
86%
22 2012-2017 Nathaniel Chalobah 15
79%
2 2018-? Reece James 228
79%
9 2016-2021 Tammy Abraham 82
79%
6 2018-? Trevoh Chalobah 150
79%
10 2021-? Levi Colwill 78
71%
3 2016-2023 Mason Mount 195
71%
8 2019-2024 Conor Gallagher 95
57%
5 2014-2023 Ruben Loftus-Cheek 155
57%
7 2018-2023 Callum Hudson-Odoi 126
50%
29 2016-2022 Charly Musonda 7
50%
15 2016-2021 Fikayo Tomori 27
50%
14 2024-? Tyrique George 37
50%
- 2019-2022 Billy Gilmour 22
43%
12 2024-? Josh Acheampong 43
43%
- 2021-2024 Lewis Hall 12
43%
- 2014-2017 Dominic Solanke 1
36%
- 2017-2023 Dujon Sterling 2
36%
- 2019-2021 Marc Guéhi 2
36%
18 2012-2017 Nathan Aké 17
36%
- 2016-2019 Ola Aina 6
36%
20 2014-2017 Bertrand Traoré 16
29%
4 2014-2022 Andreas Christensen 161
21%
13 2019-2025 Armando Broja 38
21%
23 2017-2023 Ethan Ampadu 12
21%
- 2024-? Harrison Murray-Campbell 1
21%
- 2019-2024 Ian Maatsen 16
21%
- 2015-2018 Jérémie Boga 1
21%
- 2021-2023 Jude Soonsup-Bell 1
21%
36 2012-2021 Lucas Piazon 3
21%
- 2025-? Reggie Walsh 4
21%
31 2007-2010, 2011-2014 Sam Hutchinson 6
21%
34 2024-? Samuel Rak-Sakyi 4
21%
26 2024-? Shumaira Mheuka 9
21%
- 2019-2020 Tariq Lamptey 3
21%
33 2019-2024 Tino Anjorin 5
21%
- 2023-2025 Alfie Gilchrist 17
14%
- 2024-2026 Ato Ampah 1
14%
- 2022-2024 Bashir Humphreys 2
14%
27 2009-2011 Fabio Borini 8
14%
- 2025-? Genesis Antwi 2
14%
- 2021-2025 Harvey Vale 7
14%
- 2013-2021 Izzy Brown 1
14%
- 2016-2022 Jake Clarke-Salter 2
14%
25 2009-2013 Jeffrey Bruma 10
14%
- 2024-? Jimi Tauriainen 2
14%
45 2014-2016 John Swift 1
14%
16 2010-2015 Josh McEachran 22
14%
- 2024-? Kiano Dyer 1
14%
- 2024-2026 Leo Castledine 1
14%
38 2014-2022 Lewis Baker 2
14%
- 2022-2024 Michael Golding 1
14%
- 2009-2014 Patrick Van Aanholt 8
14%
- 2026-? Ryan Kavuma-McQueen 1
14%
11 2006-2015 Ryan Bertrand 57
7%
Aucun quiz correspondant
Distribution des résultats
% des personnes avec chaque résultat
Percentile par nombre de réponses
Votre historique - résultats
Vous n’avez pas pris ce quiz depuis la dernière actualisation